Wine Producing Countries Quiz Stats

 Plays Quiz Updated Jan 2, 2018

Score 0/15 Timer 04:00
5 Plays Today
Rank Country % Correct
1Italy
98.3%
2France
98%
4United States
97.9%
3Spain
93.8%
10Germany
89%
7Australia
80.4%
6Chile
79.7%
5Argentina
78%
Rank Country % Correct
12Russia
76.1%
11Portugal
75.6%
9China
75.3%
15Brazil
74.8%
8South Africa
60.8%
13Romania
53.4%
14Hungary
24.5%

You're not logged in!

Compare scores with friends on all Sporcle quizzes.
OR
Log In

Sporcle TV

Today on Sporcle TV


Watch our educational content, quiz creation guides, and fun videos on Sporcle TV.

Show Comments

Extras

Top Quizzes Today


Score Distribution

Your Account Isn't Verified!

In order to create a playlist on Sporcle, you need to verify the email address you used during registration. Go to your Sporcle Settings to finish the process.

Report this User

Report this user for behavior that violates our Community Guidelines.

Details: